000 01214 a2200157 4500
003 OSt
005 20260206140805.0
008 260206b |||||||| |||| 00| 0 eng d
020 _a989395664790
100 _aजोग एस
_9216656
245 _aद हिरो ऑफ टायगर हिल
260 _bभारतीय विचार साधना प्रकाशन
_c2024
_aपुणे
300 _a184pp.
520 _aहे कारगिल युद्धातील सर्वात तरुण परमवीर चक्र विजेते योगेंद्र सिंह यादव यांच्या जीवनावरील मराठी पुस्तक आहे. यात त्यांनी केवळ १९ व्या वर्षी १५ गोळ्या लागूनही, प्रचंड जखमी अवस्थेत शत्रूच्या बंकरवर ताबा मिळवून कशा प्रकारे ऐतिहासिक विजय मिळवला, याचा थरारक आत्मकथनपर वृत्तांत दिला आहे।
942 _cBK
_2ddc
999 _c370201
_d370201